000 00357nam a2200145Ia 4500
008 230211s9999 xx 000 0 und d
020 _a81-8318-290-9
041 _aeng
082 _a658
100 _aSherlekar S A
_9109464
245 _aPrincipals of Business Management
260 _bHimalaya Publishing House
_c1985
300 _a625p
906 _b15.0
999 _c98125
_d98125